| 000 | 00508nam a2200181 i 4500 | ||
|---|---|---|---|
| 001 | 57975 | ||
| 003 | ES-MaACL | ||
| 005 | 20230906163708.0 | ||
| 007 | t| | ||
| 008 | 031020s1970 sp ||||1| spa d | ||
| 100 | 1 |
_aDourado, Autran. _945508 |
|
| 245 | 1 | 3 |
_aLa barca de los hombres / _cAutran Dourado ; [versión B. Losada]. |
| 250 | _a[1ª ed.]. | ||
| 260 |
_aBarcelona : _bLuis de Caralt, _c[1970] |
||
| 300 |
_a280 p. ; _c21 cm. |
||
| 700 | 1 |
_aLosada, B. _974250 |
|
| 852 |
_aES-MaACL _jC-39628 _bR.75527 |
||
| 999 |
_c57975 _d57975 |
||